000
00457nam a2200133Ia 4500
008
100328s9999 xx 000 0 und d
082
_b
70208
100
_a
दिवेकर सुवर्णा.
245
_a
सातच्या आत घराबाहेर.
260
_b
सायली.
630
_a
सातच्या आत घराबाहेर.
730
_a
सातच्या आत घराबाहेर.
942
_c
BOOK
999
_c
555936
_d
555933